000 00694nam a2200229Ia 4500
003 GCL
008 140319s9999 xx 000 0 ara d
040 _aGCL /
_cGCL
082 0 4 _a843
_bس ا
100 1 _aابراهيم مدكور
245 1 0 _aاللاحمر والاسود /
_cابراهيم مدكور
700 1 _aستاندال
700 1 _aعبدالحميد الدواخلى
300 _a435
490 _aالالف كتاب
_v0
650 0 4 _aالادب
650 0 4 _aالادب الفرنسى
650 0 4 _aالقصص الفرنسية
650 0 4 _aالادب الفرنسى المترجم
650 0 4 _aالقصص الفرنسية المترجمة
942 _2ddc
_cBK
999 _c42345
_d42345